ბათუმის შოთა რუსთაველის სახელმწიფო უნივერსიტეტის ბიბლიოთეკა

Жизнь пруда (ბიბ.ჩანაწერი № 45871)

000 -LEADER
fixed length control field 00523nam a2200205Ia 4500
001 - CONTROL NUMBER
control field 12700
003 - CONTROL NUMBER IDENTIFIER
control field GE_BSU
008 - FIXED-LENGTH DATA ELEMENTS--GENERAL INFORMATION
fixed length control field 181216s||||||||xx |||||||||||||| ||und||
040 ## - CATALOGING SOURCE
Transcribing agency GE_BSU
080 ## - UNIVERSAL DECIMAL CLASSIFICATION NUMBER
Universal Decimal Classification number 639.3
100 ## - MAIN ENTRY--PERSONAL NAME
Personal name Плавильщиков,Н.
245 ## - TITLE STATEMENT
Title Жизнь пруда
245 ## - TITLE STATEMENT
Statement of responsibility, etc. Отв.ред. Г.Иванова
260 ## - PUBLICATION, DISTRIBUTION, ETC.
Place of publication, distribution, etc. М-Л
260 ## - PUBLICATION, DISTRIBUTION, ETC.
Name of publisher, distributor, etc. Госиздат детской лит-ры
260 ## - PUBLICATION, DISTRIBUTION, ETC.
Date of publication, distribution, etc. 1952
300 ## - PHYSICAL DESCRIPTION
Extent 125стр.илл.21см.
653 ## - INDEX TERM--UNCONTROLLED
Uncontrolled term Жизнь пруда
942 ## - ADDED ENTRY ELEMENTS (KOHA)
Koha item type წიგნი
ეგზემპლარები
Withdrawn status Lost status Damaged status Not for loan Date acquired Barcode Date last seen Price effective from Koha item type
        2018-12-17 20604 2018-12-17 2018-12-17 წიგნი
        2018-12-17 20605 2018-12-17 2018-12-17 წიგნი